[Event "Mazowiec-chT 1819"]
[Site "Warsaw"]
[Date "2019.02.17"]
[Round "4.7"]
[White "Borkowski, Kamil"]
[Black "Zbrzeski, Piotr"]
[Result "1-0"]
[WhiteElo "1993"]
[BlackElo "1751"]
[PlyCount "123"]
[EventDate "2018.12.02"]
[EventType "team-tourn"]
[EventRounds "7"]
[EventCountry "POL"]
[SourceTitle "EXT 2020"]
[Source "ChessBase"]
[SourceDate "2019.10.17"]
[SourceVersion "1"]
[SourceVersionDate "2019.10.17"]
[SourceQuality "1"]

1. d4 d5 2. Nf3 c6 3. c4 e6 4. g3 Nf6 5. Bg2 Nbd7 6. 0-0 Be7 7. b3 b6 8. Bb2 Bb7 9. Nbd2 0-0 10. Ne5 Nxe5 11. dxe5 Nd7 12. e4 Nc5 13. Qc2 dxc4 14. Nxc4 Qd3 15. Qxd3 Nxd3 16. Rfd1 Rfd8 17. Bf1 Nxb2 18. Nxb2 c5 19. f3 Rxd1 20. Rxd1 Rd8 21. Rxd8+ Bxd8 22. Bd3 Kf8 23. Kf2 Bc7 24. f4 g5 25. Kf3 gxf4 26. gxf4 Bc6 27. a4 Ke7 28. Kg4 f6 29. exf6+ Kxf6 30. e5+ Kg7 31. h4 h5+ 32. Kg3 Bb7 33. Bc2 Bd5 34. Nd1 a6 35. Nc3 c4 36. bxc4 Bxc4 37. Ne4 Bd8 38. Nd6 Be2 39. Bb3 Bg4 40. Bc4 a5 41. Bb3 Be7 42. Ne4 Bd8 43. Nf2 Bf5 44. Nd1 Be7 45. Ne3 Bc5 46. Nc4 Bd3 47. Nd2 Bf5 48. Nf3 Bb4 49. Ng5 Be1+ 50. Kf3 Bxh4 51. Nxe6+ Bxe6 52. Bxe6 Be1 53. f5 Bc3 54. f6+ Kg6 55. Kf4 h4 56. Bd7 h3 57. Bxh3 Bd2+ 58. Ke4 Bc3 59. Bd7 Bb2 60. Be8+ Kh7 61. Bf7 Bc3 62. Kf5 1-0

[Event "Mazowiec-chT 1819"]
[Site "Warsaw"]
[Date "2018.12.02"]
[Round "1.12"]
[White "Praczukowski, Stanislaw"]
[Black "Borkowski, Kamil"]
[Result "1-0"]
[WhiteElo "2155"]
[BlackElo "1993"]
[PlyCount "43"]
[EventDate "2018.12.02"]
[EventType "team-tourn"]
[EventRounds "7"]
[EventCountry "POL"]
[SourceTitle "EXT 2020"]
[Source "ChessBase"]
[SourceDate "2019.10.17"]
[SourceVersion "1"]
[SourceVersionDate "2019.10.17"]
[SourceQuality "1"]

1. d4 d5 2. c4 c6 3. cxd5 cxd5 4. Bf4 Nc6 5. e3 Nf6 6. Nc3 a6 7. Bd3 Bg4 8. Nge2 e6 9. 0-0 Be7 10. Rc1 0-0 11. Na4 Nd7 12. Qb3 Nb4 13. Bc7 Qe8 14. a3 Nxd3 15. Qxd3 e5 16. dxe5 Nxe5 17. Qd4 Bd7 18. Bxe5 f6 19. Nb6 fxe5 20. Qxd5+ Qf7 21. Qxf7+ Rxf7 22. Nxa8 1-0

[Event "Mazowiec-chT 1718"]
[Site "Warsaw"]
[Date "2018.02.04"]
[Round "5.2"]
[White "Harazinska, Magdalena"]
[Black "Borkowski, Kamil"]
[Result "1-0"]
[WhiteElo "1902"]
[BlackElo "2006"]
[PlyCount "107"]
[EventDate "2017.12.03"]
[EventType "team-tourn"]
[EventRounds "10"]
[EventCountry "POL"]
[SourceTitle "EXT 2020"]
[Source "ChessBase"]
[SourceDate "2019.10.17"]
[SourceVersion "1"]
[SourceVersionDate "2019.10.17"]
[SourceQuality "1"]

1. d4 Nf6 2. c4 e6 3. Nc3 Bb4 4. Qc2 0-0 5. Nf3 b6 6. e4 Bb7 7. Bd3 d5 8. cxd5 exd5 9. e5 Ne4 10. 0-0 Bxc3 11. bxc3 c5 12. Nd2 Nxd2 13. Bxd2 cxd4 14. Bxh7+ Kh8 15. Qf5 Qh4 16. Bg6 Nc6 17. Bxf7 dxc3 18. Bxc3 d4 19. Bd2 Ne7 20. Qh5+ Qxh5 21. Bxh5 Rf5 22. Bg4 Rxe5 23. Rfe1 Ng6 24. f4 Rxe1+ 25. Rxe1 Nh4 26. Re5 g6 27. Bh3 a5 28. Kf2 a4 29. a3 Rf8 30. Re7 Bc6 31. Rc7 Bb5 32. g3 Nf5 33. Bb4 Re8 34. Bxf5 gxf5 35. Be7 Bd3 36. Bf6+ Kg8 37. Be5 b5 38. h4 Be4 39. h5 Re6 40. Bxd4 Rd6 41. Ke3 Re6 42. Be5 Rh6 43. g4 Rc6 44. Rxc6 Bxc6 45. g5 Be8 46. g6 Kf8 47. Bf6 Kg8 48. Kd4 Kf8 49. Ke5 b4 50. axb4 a3 51. Kxf5 a2 52. h6 Ba4 53. h7 Bc2+ 54. Kg5 1-0

[Event "Wloclawek CC Classic 19th"]
[Site "Wloclawek"]
[Date "2017.??.??"]
[Round "5"]
[White "Borkowski, Kamil"]
[Black "Cichocka, Katarzyna"]
[Result "1-0"]
[WhiteElo "2032"]
[BlackElo "1623"]
[PlyCount "117"]
[EventDate "2017.06.??"]
[EventType "swiss"]
[EventRounds "7"]
[EventCountry "POL"]
[SourceTitle "EXT 2021"]
[Source "ChessBase"]
[SourceDate "2020.10.23"]
[SourceVersion "1"]
[SourceVersionDate "2020.10.23"]
[SourceQuality "1"]

1. Nf3 Nf6 2. d4 g6 3. c4 Bg7 4. Nc3 d5 5. Bg5 Ne4 6. Bh4 Nxc3 7. bxc3 c5 8. e3 Nc6 9. cxd5 Qxd5 10. Qb3 Qxb3 11. axb3 Be6 12. Be2 Bxb3 13. 0-0 e6 14. Nd2 c4 15. Rfb1 0-0 16. Nxb3 cxb3 17. Rxb3 b6 18. Bf3 Rfc8 19. g4 e5 20. Bg3 Na5 21. Rb5 Rab8 22. dxe5 a6 23. Rd5 Rxc3 24. Rad1 Re8 25. Rd8 Rc8 26. Rxc8 Rxc8 27. Rd7 Re8 28. Bd5 Rf8 29. f4 b5 30. Be1 Nc4 31. Bb4 Nb6 32. e6 Nxd7 33. exd7 Rd8 34. Bc6 Bf6 35. g5 a5 36. Bxa5 Be7 37. Bxd8 Bxd8 38. Bxb5 Kf8 39. Kg2 Ke7 40. Kf3 Bb6 41. Ke4 Kd6 42. Ba4 Ke7 43. Kd3 Ke6 44. h3 Ke7 45. Ke4 Kd6 46. h4 Ke7 47. Bb3 Ba5 48. Ba4 Be1 49. Bb3 Ba5 50. Kf3 Kf8 51. e4 Kg7 52. f5 gxf5 53. exf5 f6 54. Kg4 Bd8 55. Bc2 Kf7 56. Kh5 Ke7 57. g6 hxg6+ 58. fxg6 Kf8 59. Kh6 1-0

[Event "Wloclawek CC Classic 19th"]
[Site "Wloclawek"]
[Date "2017.??.??"]
[Round "4"]
[White "Cichocki, Konrad"]
[Black "Borkowski, Kamil"]
[Result "1-0"]
[WhiteElo "1836"]
[BlackElo "2032"]
[PlyCount "65"]
[EventDate "2017.06.??"]
[EventType "swiss"]
[EventRounds "7"]
[EventCountry "POL"]
[SourceTitle "EXT 2021"]
[Source "ChessBase"]
[SourceDate "2020.10.23"]
[SourceVersion "1"]
[SourceVersionDate "2020.10.23"]
[SourceQuality "1"]

1. c4 e5 2. Nc3 Nf6 3. g3 d5 4. cxd5 Nxd5 5. Bg2 Nb6 6. d3 Nc6 7. Nf3 Be7 8. 0-0 0-0 9. Be3 Bg4 10. h3 Bh5 11. Rc1 Re8 12. a3 Bf8 13. Nd2 Rb8 14. Nb5 a6 15. Bxc6 bxc6 16. Na7 Nd5 17. Bc5 Rxb2 18. Nxc6 Qd7 19. Bxf8 Rxf8 20. Kh2 f6 21. Rc4 Nb6 22. Rb4 Rxd2 23. Qxd2 Qxc6 24. Rc1 Qd6 25. Qc2 Nd5 26. Rb7 Qxa3 27. e4 Nb4 28. Qxc7 Bf7 29. Rb8 Nxd3 30. Rc3 Qa2 31. Rxf8+ Kxf8 32. Qd6+ Kg8 33. Qd8+ 1-0

[Event "Wloclawek CC Classic 19th"]
[Site "Wloclawek"]
[Date "2017.??.??"]
[Round "2"]
[White "Garbowski, Jerzy"]
[Black "Borkowski, Kamil"]
[Result "1/2-1/2"]
[WhiteElo "1734"]
[BlackElo "2032"]
[PlyCount "122"]
[EventDate "2017.06.??"]
[EventType "swiss"]
[EventRounds "7"]
[EventCountry "POL"]
[SourceTitle "EXT 2021"]
[Source "ChessBase"]
[SourceDate "2020.10.23"]
[SourceVersion "1"]
[SourceVersionDate "2020.10.23"]
[SourceQuality "1"]

1. e4 c6 2. d4 d5 3. exd5 cxd5 4. c4 Nf6 5. Nc3 g6 6. Qb3 Bg7 7. cxd5 0-0 8. Be2 Nbd7 9. Bf3 Nb6 10. Bg5 Bf5 11. Rd1 Rc8 12. Nge2 Nc4 13. Ng3 Na5 14. Qa3 Bc2 15. Rc1 Bd3 16. Bxf6 Bxf6 17. Be2 Bg5 18. Ra1 Bxe2 19. Ngxe2 Bd2+ 20. Kf1 Bh6 21. h4 Nc4 22. Qxa7 Qd7 23. h5 Qf5 24. Qxb7 Be3 25. Nd1 Nd2+ 26. Kg1 Bg5 27. Rh3 Rc2 28. a4 Ne4 29. Rf3 Qg4 30. Nec3 Nd2 31. Rg3 Qf4 32. Ne3 Rxc3 33. bxc3 Bh4 34. Nf1 Rb8 35. Qd7 Ne4 36. Rf3 Bxf2+ 37. Kh1 Qg5 38. hxg6 hxg6 39. a5 Kg7 40. a6 Bg3 41. Qh3 Rh8 42. a7 Rxh3+ 43. gxh3 Bf2 44. Nh2 Ng3+ 45. Rxg3 Bxg3 46. a8Q Bxh2 47. d6 Bxd6 48. Qg2 Qe3 49. Rf1 Qxc3 50. Qf3 Qxf3+ 51. Rxf3 Bb8 52. Kg2 Ba7 53. Rd3 Bb8 54. Kf3 Bd6 55. Ke4 f5+ 56. Kf3 Kf6 57. Re3 Kg5 58. Re6 Kh5 59. h4 Kh6 60. Kg2 Kh5 61. Kh3 Kh6 1/2-1/2

[Event "Wloclawek Weekend Classic 2nd"]
[Site "Wloclawek"]
[Date "2007.03.25"]
[Round "3"]
[White "Borkowski, Kamil"]
[Black "Grochowalski, Pawel"]
[Result "0-1"]
[WhiteElo "2079"]
[BlackElo "2112"]
[PlyCount "106"]
[EventDate "2007.03.23"]
[EventType "swiss"]
[EventRounds "5"]
[EventCountry "POL"]
[SourceTitle "EXT 2008"]
[Source "ChessBase"]
[SourceDate "2007.11.25"]
[SourceVersion "1"]
[SourceVersionDate "2007.11.25"]
[SourceQuality "1"]

1. d4 d5 2. Nf3 Nf6 3. c4 e6 4. Bg5 Nbd7 5. e3 Be7 6. Nc3 0-0 7. cxd5 exd5 8. Bd3 c6 9. 0-0 Re8 10. Qc2 Nf8 11. Ne5 Ng4 12. Bxe7 Qxe7 13. Nxg4 Bxg4 14. Rab1 Qg5 15. Kh1 Bd7 16. b4 b5 17. Ne2 Re6 18. Bf5 Rh6 19. Bxd7 Nxd7 20. Ng3 Nb6 21. Rfe1 Nc4 22. Ra1 Rf8 23. a4 a6 24. axb5 axb5 25. e4 dxe4 26. Rxe4 f5 27. Ree1 f4 28. Nf1 f3 29. gxf3 Rg6 30. Ng3 Nd2 31. Re3 Nxf3 32. Qb3+ Qd5 33. Qxd5+ cxd5 34. Kg2 Nxd4 35. Re7 Rgf6 36. Ra2 Nc6 37. Rd7 Nxb4 38. Rd2 R6f7 39. Rxf7 Rxf7 40. Rd4 Nc6 41. Rxd5 Rb7 42. Nf5 b4 43. Rc5 b3 44. Rxc6 b2 45. Rc8+ Kf7 46. Nd6+ Ke6 47. Nxb7 b1Q 48. Nc5+ Kd6 49. h4 Qg6+ 50. Kh2 Qg4 51. Nd3 Qxc8 52. Kg3 Qc3 53. Kf3 Qxd3+ 0-1

[Event "Wloclawek Weekend Classic 2nd"]
[Site "Wloclawek"]
[Date "2007.03.25"]
[Round "4"]
[White "Borkowski, Kamil"]
[Black "Pietrzak, Tomasz"]
[Result "0-1"]
[WhiteElo "2079"]
[BlackElo "1991"]
[PlyCount "106"]
[EventDate "2007.03.23"]
[EventType "swiss"]
[EventRounds "5"]
[EventCountry "POL"]
[SourceTitle "EXT 2008"]
[Source "ChessBase"]
[SourceDate "2007.11.25"]
[SourceVersion "1"]
[SourceVersionDate "2007.11.25"]
[SourceQuality "1"]

1. d4 d5 2. Nf3 c5 3. c4 e6 4. cxd5 exd5 5. g3 Nc6 6. Bg2 Nf6 7. 0-0 Be7 8. Nc3 0-0 9. Bg5 cxd4 10. Nxd4 h6 11. Bf4 Bg4 12. h3 Be6 13. Rc1 Rc8 14. Nxc6 bxc6 15. Na4 c5 16. b3 Qd7 17. Kh2 Rfd8 18. Be5 Qb5 19. Nc3 Qb4 20. Qc2 h5 21. Rfd1 d4 22. Bxf6 Bxf6 23. Ne4 Be7 24. Nd2 h4 25. g4 Bg5 26. Rb1 Qc3 27. Be4 Bf4+ 28. Kg2 Bd5 29. Qd3 Bxe4+ 30. Nxe4 Qa5 31. Qf3 Bb8 32. Rbc1 Re8 33. Kf1 Qxa2 34. Rxc5 Rxc5 35. Nxc5 Qc2 36. Rxd4 Qxc5 37. Rd7 Qc1+ 38. Kg2 Qf4 39. Qxf4 Bxf4 40. Rxa7 Rb8 41. Ra4 g5 42. e3 Bd6 43. Rd4 Bf8 44. Rd3 Rb4 45. Kf3 Kg7 46. Ke2 Be7 47. Kd1 Kf6 48. Kc2 Ke5 49. Rd7 Ke6 50. Ra7 Bd6 51. Ra5 f6 52. Rf5 Re4 53. Rb5 Re5 0-1

[Event "Suwalki op-A"]
[Site "Suwalki"]
[Date "2000.??.??"]
[Round "?"]
[White "Borkowski, Kamil"]
[Black "Bukowski, Wojciech"]
[Result "0-1"]
[WhiteElo "2120"]
[BlackElo "2075"]
[PlyCount "94"]
[EventDate "2000.08.??"]
[EventType "swiss"]
[EventRounds "10"]
[EventCountry "POL"]
[SourceTitle "EXT 2003"]
[Source "ChessBase"]
[SourceDate "2002.11.25"]
[SourceVersion "1"]
[SourceVersionDate "2002.11.25"]
[SourceQuality "1"]

1. d4 e6 2. c4 d5 3. Nf3 Nf6 4. Nc3 Nbd7 5. Bg5 Be7 6. e3 h6 7. Bh4 a6 8. cxd5 exd5 9. Bd3 0-0 10. 0-0 Kh8 11. Rc1 b5 12. Ne2 Bb7 13. Bg3 Rc8 14. Bb1 c5 15. dxc5 Nxc5 16. Ned4 Nfe4 17. Nf5 Bf6 18. Be5 Bxe5 19. Nxe5 Qf6 20. Rxc5 Nxc5 21. Ng4 Qe6 22. Qd4 f6 23. Qf4 h5 24. Nxg7 Kxg7 25. Qh6+ Kf7 26. Qh7+ Ke8 27. Bf5 Qd6 28. Qxh5+ Kd8 29. Bxc8 Kxc8 30. Rc1 Kb8 31. Qh7 Nd7 32. h4 Qe6 33. Nh2 Rg8 34. Qc2 d4 35. e4 Bxe4 36. Qc7+ Ka8 37. f3 Bb7 38. Qf4 Qe2 39. g4 Ne5 40. Rf1 Qxb2 41. h5 Qe2 42. Rf2 Qe3 43. Qxe3 dxe3 44. Re2 Nc4 45. f4 Rd8 46. h6 Be4 47. f5 Rh8 0-1

[Event "Suwalki op-A"]
[Site "Suwalki"]
[Date "2000.??.??"]
[Round "?"]
[White "Borkowski, Kamil"]
[Black "Klusowski, Marek"]
[Result "1/2-1/2"]
[WhiteElo "2120"]
[BlackElo "2050"]
[PlyCount "61"]
[EventDate "2000.08.??"]
[EventType "swiss"]
[EventRounds "10"]
[EventCountry "POL"]
[SourceTitle "EXT 2003"]
[Source "ChessBase"]
[SourceDate "2002.11.25"]
[SourceVersion "1"]
[SourceVersionDate "2002.11.25"]
[SourceQuality "1"]

1. d4 Nf6 2. Nf3 e6 3. c4 d5 4. Nc3 Bb4 5. Qa4+ Nc6 6. Ne5 Bxc3+ 7. bxc3 0-0 8. Nxc6 Qd7 9. Ba3 Re8 10. e3 bxc6 11. Be2 a5 12. cxd5 cxd5 13. Bb5 c6 14. Bxc6 Qc7 15. 0-0 Bd7 16. Bxd7 Nxd7 17. Rab1 Nb6 18. Qc2 Nc4 19. Bc5 Rab8 20. Rxb8 Rxb8 21. Rb1 Rb7 22. Rxb7 Qxb7 23. Qb3 Qxb3 24. axb3 Nd2 25. b4 a4 26. b5 Nc4 27. Kf1 f5 28. Ke1 Kf7 29. Kd1 Ke8 30. Kc2 Kd7 31. Kc1 1/2-1/2

[Event "Suwalki op-A"]
[Site "Suwalki"]
[Date "2000.??.??"]
[Round "?"]
[White "Jegorovas, Aleksandras"]
[Black "Borkowski, Kamil"]
[Result "1/2-1/2"]
[WhiteElo "2235"]
[BlackElo "2120"]
[PlyCount "45"]
[EventDate "2000.08.??"]
[EventType "swiss"]
[EventRounds "10"]
[EventCountry "POL"]
[SourceTitle "EXT 2003"]
[Source "ChessBase"]
[SourceDate "2002.11.25"]
[SourceVersion "1"]
[SourceVersionDate "2002.11.25"]
[SourceQuality "1"]

1. d4 Nf6 2. c4 e6 3. Nc3 Bb4 4. e3 c5 5. Bd3 cxd4 6. exd4 d5 7. Nf3 0-0 8. 0-0 Nc6 9. a3 Be7 10. cxd5 Nxd5 11. Re1 Bf6 12. Bc2 Nxc3 13. bxc3 b6 14. Qd3 g6 15. h4 Bb7 16. h5 Ne7 17. Ne5 Nf5 18. hxg6 hxg6 19. Qh3 Bg5 20. Bxf5 exf5 21. Nd7 Qxd7 22. Bxg5 f6 23. Bd2 1/2-1/2

[Event "Suwalki op-A"]
[Site "Suwalki"]
[Date "2000.??.??"]
[Round "?"]
[White "Mironov, Ilya"]
[Black "Borkowski, Kamil"]
[Result "1-0"]
[WhiteElo "2325"]
[BlackElo "2120"]
[PlyCount "55"]
[EventDate "2000.08.??"]
[EventType "swiss"]
[EventRounds "10"]
[EventCountry "POL"]
[SourceTitle "EXT 2003"]
[Source "ChessBase"]
[SourceDate "2002.11.25"]
[SourceVersion "1"]
[SourceVersionDate "2002.11.25"]
[SourceQuality "1"]

1. d4 Nf6 2. c4 e6 3. Nf3 b6 4. g3 Ba6 5. Nbd2 Bb7 6. Bg2 c5 7. e4 Nxe4 8. Ne5 d5 9. Qa4+ Nd7 10. cxd5 exd5 11. Nxe4 dxe4 12. Bh3 Bc8 13. 0-0 f6 14. Qc6 fxe5 15. Qxa8 cxd4 16. Bg5 Be7 17. Rac1 Nc5 18. Bxe7 Kxe7 19. Qxc8 Qxc8 20. Bxc8 Rxc8 21. b4 Kd6 22. Rfd1 Rc7 23. bxc5+ bxc5 24. Kf1 Kd5 25. Rc3 c4 26. Ke1 Kc5 27. Rxc4+ Kxc4 28. Rc1+ 1-0